000 00608nam a22001937a 4500
003 AM-YeHGA
005 20250617154213.0
008 180620s ||||| |||| 00| 0 rus d
040 _aAM-YeHGA
041 0 _arus
100 1 _aЭмин, Геворг.
245 1 0 _aСтихи :
_b Пер. с арм. /
_c Геворк Эмин ; Под ред. Г. Н. Оболдуева.
260 _aМосква :
_bСов. писатель,
_c1947.
300 _a95 с.
653 0 _aАрмянская поэзия
700 1 _aОболдуевв, Г.Н.
_eред.
_4edt
942 _2udc
_cBK
090 _c409204
999 _c406940
_d406940